Movies Quiz

Random Movies or Letter Quiz

'D' Movie Characters Quiz Stats

Quiz Updated Aug 23, 2013

Challenge
Share
Tweet
Score 0/24 Timer 04:00
9 Plays Today
picture name % Correct
Donkey (Shrek)
94.2%
Dorothy Gale (The Wizard of Oz)
92.3%
Count Dracula (Dracula)
91.1%
Dory (Finding Nemo)
84.9%
Draco Malfoy (Harry Potter)
78.2%
Daniel Larusso (The Karate Kid)
65.1%
Daisy Werthan (Driving Miss Daisy)
64.5%
Daphne (Scooby-Doo)
63.8%
Derek Zoolander (Zoolander)
63.5%
The Dude (The Big Lebowski)
61.4%
Django (Django Unchained)
60.3%
Donnie Darko (Donnie Darko)
52.3%
picture name % Correct
Dave Kovic (Dave)
47.3%
Dark Helmet (Spaceballs)
42.7%
Doc Holliday (Tombstone)
38.8%
Phil 'Duckie' Dale (Pretty in Pink)
33.1%
Data (Star Trek: First Contact)
29.7%
Dewey Cox (Walk Hard)
28.9%
Dirk Diggler (Boogie Nights)
26.5%
Death (The Seventh Seal)
26.3%
Dana Barrett (Ghostbusters)
23.1%
Dennis Nedry (Jurassic Park)
21.7%
Dallas (Magic Mike)
13.1%
Delilah (Samson and Delilah)
12.5%

You're not logged in!

Compare scores with friends on all Sporcle quizzes.
Join for Free
OR
Log In

You Might Also Like...

Show Comments

Extras

Top Quizzes Today


Score Distribution

Your Account Isn't Verified!

In order to create a playlist on Sporcle, you need to verify the email address you used during registration. Go to your Sporcle Settings to finish the process.

Report this User

Report this user for behavior that violates our Community Guidelines.

Details: